LEADER 00967nam a2200229 i 4500 001 000000200300 003 CaOOAMICUS 005 20110407000000.0 008 110407s1941 it u000 u ita u 013 $a178998 040 $aSeMil$bita 100 1 $aGiordano, Davide.$0(OLS)http://semarc/name/40271 245 10$aGiambattista Morgagni /$cDavide Giordano. 260 $aTorino :$bUnione Tipografico-Editrice Torinese,$c1941. 300 $a268 p. :$bill., [7] p. di tav. ;$c22 cm. 490 0 $aI grandi italiani : collana di Biografie ;$v14 650 4$aMorgagni, Giambattista.$0(OLS)http://semarc/subject/37610 830 2$aI grandi italiani ;$v14.$0(OLS)http://semarc/title/15207 850 $aSeMil 852 $aSeMil$W1$xVenegono$y1$m3XD II 17$j150829$B150829$CSeMilBibl$Z2$F162146 $81 996 $6245$aGiambattista Morgagni$9(OLS)http://semarc/title/289646 996 $6260$aTorino :$bUnione Tipografico-Editrice Torinese$9(OLS)http://semarc/publisher/29628 LEADER 00616nab a2200145 i 4500 001 000000310558 003 CaOOAMICUS 005 20180831173016.0 008 180831n xx uu u0 0und r 013 $a19650 040 $aSeMil$bita 100 1 $aRuffoni, Achille Giuseppe.$0(OLS)http://semarc/name/22822 245 12$aL?autorità dottrinale del Papa negli insegnamenti che non sono vere eproprie locuzioni ex cathedra. 773 0 $t[Luglio-Dicembre].$g107-122, 215-23$w()273983 996 $6245$aL?autorità dottrinale del Papa negli insegnamenti che non sono vere eproprie locuzioni ex cathedra$9(OLS)http://semarc/title/385329